000 00717nam a2200253Ia 4500
003 OSt
005 20220926013040.0
006 a|||||r|||| 00| 0
007 ta
008 220923b |||||||| |||| 00| 0 eng d
037 _cGeneral Book
040 _aRTL
_cRTL
_beng
041 _2eng
_aeng
082 _aY9(L), K7
100 _aMumford Emily
_9317777
245 0 _aSociology in hospital care
260 _aNew York
_bHarper and Row
_c1967
300 _axii,228p
_ccm.
500 _aBibiliography with each chapters
650 _aSociology of Medicine
700 _a Skipper James K
_9317778
942 _hY9(L), K7
_cGB
_2CC
999 _c625074
_d625074